000 00876nam a2200265Ia 4500
003 OSt
005 20220923212153.0
006 a|||||r|||| 00| 0
007 ta
008 220922b |||||||| |||| 00| 0 hin d
024 _a151,333
037 _cTextual
040 _aARTS
_cARTS
_bhin
041 _2hin
_ahin
082 _aO152,1:g(P:75), K5
100 _aत्रिपाठी, राममुर्ति
_9156299
245 0 _aरस विमर्श
246 _aRas vimarsha
260 _aवाराणसी
_b विद्या मन्दिर
_c1965
300 _a225 पृ.
_ccm.
650 _a हिन्दी कविता
650 _aहिन्दी साहित्य
_9156264
942 _hO152,1:g(P:75), K5
_cTEXL
_2CC
999 _c307006
_d307006